Groups of Forty-Eight - Statistics

General Stats
  • This quiz has been taken 114 times
    105 since last reset
  • The average score is 143 of 192
Answer Stats
Hint Answer % Correct
Countries in Asia India
94%
Countries in Asia Japan
94%
Countries in Asia North Korea
94%
Countries in Asia South Korea
94%
Lower 48 U.S. States California
92%
Countries in Asia China
92%
Countries in Asia Jordan
92%
Lower 48 U.S. States New York
92%
Lower 48 U.S. States Texas
92%
Countries in Asia Turkey
92%
Lower 48 U.S. States Washington
92%
Lower 48 U.S. States Colorado
90%
Countries in Asia | Lower 48 U.S. States Georgia
90%
Countries With Territory in the Southern Hemisphere | Countries in Asia Indonesia
90%
Lower 48 U.S. States Kansas
90%
Countries in Asia Kazakhstan
90%
Countries in Asia Laos
90%
Countries in Asia Oman
90%
Countries in Asia Saudi Arabia
90%
Lower 48 U.S. States Utah
90%
Countries in Asia Yemen
90%
Countries in Asia Afghanistan
88%
Lower 48 U.S. States Alabama
88%
Lower 48 U.S. States Arizona
88%
Lower 48 U.S. States Maine
88%
Countries in Asia Nepal
88%
Lower 48 U.S. States New Mexico
88%
Lower 48 U.S. States North Carolina
88%
Lower 48 U.S. States North Dakota
88%
Lower 48 U.S. States Oregon
88%
Countries in Asia Pakistan
88%
Lower 48 U.S. States Pennsylvania
88%
Lower 48 U.S. States Rhode Island
88%
Lower 48 U.S. States South Carolina
88%
Countries in Asia Taiwan
88%
Countries in Asia Turkmenistan
88%
Countries in Asia Azerbaijan
87%
Lower 48 U.S. States Connecticut
87%
Lower 48 U.S. States Delaware
87%
Lower 48 U.S. States Florida
87%
Lower 48 U.S. States Illinois
87%
Lower 48 U.S. States Indiana
87%
Lower 48 U.S. States Iowa
87%
Countries in Asia Iran
87%
Countries in Asia Iraq
87%
Countries in Asia Israel
87%
Lower 48 U.S. States Louisiana
87%
Lower 48 U.S. States Mississippi
87%
Lower 48 U.S. States Ohio
87%
Lower 48 U.S. States Oklahoma
87%
Countries in Asia Philippines
87%
Lower 48 U.S. States South Dakota
87%
Lower 48 U.S. States Tennessee
87%
Countries in Asia Thailand
87%
Countries in Asia Uzbekistan
87%
Lower 48 U.S. States Wisconsin
87%
Lower 48 U.S. States Wyoming
87%
Lower 48 U.S. States Arkansas
85%
Countries With Territory in the Southern Hemisphere Brazil
85%
Countries With Territory in the Southern Hemisphere Chile
85%
Lower 48 U.S. States Idaho
85%
Lower 48 U.S. States Kentucky
85%
Countries in Asia Lebanon
85%
Lower 48 U.S. States Minnesota
85%
Lower 48 U.S. States New Hampshire
85%
Lower 48 U.S. States New Jersey
85%
Countries in Asia Singapore
85%
Countries in Asia Tajikistan
85%
Lower 48 U.S. States Vermont
85%
Countries in Asia Vietnam
85%
Lower 48 U.S. States Virginia
85%
Lower 48 U.S. States West Virginia
85%
Countries in Asia Bahrain
83%
Countries in Asia Bangladesh
83%
Countries in Asia Bhutan
83%
Countries in Asia Cambodia
83%
Countries in Asia Malaysia
83%
Lower 48 U.S. States Maryland
83%
Lower 48 U.S. States Massachusetts
83%
Lower 48 U.S. States Michigan
83%
Lower 48 U.S. States Missouri
83%
Countries in Asia Mongolia
83%
Lower 48 U.S. States Nebraska
83%
Lower 48 U.S. States Nevada
83%
Countries in Asia Sri Lanka
83%
Countries With Territory in the Southern Hemisphere Argentina
81%
Countries With Territory in the Southern Hemisphere Australia
81%
Countries in Asia Kyrgyzstan
81%
Countries With Territory in the Southern Hemisphere New Zealand
81%
Countries in Asia Qatar
81%
Countries in Asia Syria
81%
Countries in Asia Armenia
79%
Countries in Asia Brunei
79%
Countries With Territory in the Southern Hemisphere | Countries in Asia East Timor
79%
Countries in Asia Kuwait
79%
Lower 48 U.S. States Montana
79%
Countries With Territory in the Southern Hemisphere South Africa
79%
Countries in Asia Myanmar
77%
Countries With Territory in the Southern Hemisphere Paraguay
77%
Countries in Asia United Arab Emirates
77%
Countries With Territory in the Southern Hemisphere Uruguay
77%
Countries With Territory in the Southern Hemisphere Zimbabwe
77%
American NFL, MLB, NBA, or NHL Teams West of the Mississippi River* Los Angeles Lakers
75%
Countries With Territory in the Southern Hemisphere | Countries in Asia Maldives
75%
Countries With Territory in the Southern Hemisphere Peru
73%
American NFL, MLB, NBA, or NHL Teams West of the Mississippi River* San Francisco 49ers
73%
Countries With Territory in the Southern Hemisphere Colombia
71%
American NFL, MLB, NBA, or NHL Teams West of the Mississippi River* Oakland Athletics
71%
Countries With Territory in the Southern Hemisphere Papua New Guinea
71%
Countries With Territory in the Southern Hemisphere Solomon Islands
71%
Countries With Territory in the Southern Hemisphere Zambia
71%
Countries With Territory in the Southern Hemisphere Angola
69%
Countries With Territory in the Southern Hemisphere Bolivia
69%
Countries With Territory in the Southern Hemisphere Fiji
69%
Countries With Territory in the Southern Hemisphere Nauru
69%
Countries With Territory in the Southern Hemisphere Samoa
69%
American NFL, MLB, NBA, or NHL Teams West of the Mississippi River* Seattle Seahawks
69%
Countries With Territory in the Southern Hemisphere Tonga
69%
Countries in Asia Cyprus
67%
American NFL, MLB, NBA, or NHL Teams West of the Mississippi River* Dallas Cowboys
67%
Countries With Territory in the Southern Hemisphere Ecuador
67%
American NFL, MLB, NBA, or NHL Teams West of the Mississippi River* Golden State Warriors
67%
Countries With Territory in the Southern Hemisphere Kiribati
67%
Countries With Territory in the Southern Hemisphere Lesotho
67%
Countries With Territory in the Southern Hemisphere Madagascar
67%
Countries With Territory in the Southern Hemisphere Seychelles
67%
Countries With Territory in the Southern Hemisphere Tuvalu
67%
Countries With Territory in the Southern Hemisphere Vanuatu
67%
Countries With Territory in the Southern Hemisphere Botswana
65%
Countries With Territory in the Southern Hemisphere Dem. Rep. of the Congo
65%
Countries With Territory in the Southern Hemisphere Namibia
65%
Countries With Territory in the Southern Hemisphere Rwanda
65%
American NFL, MLB, NBA, or NHL Teams West of the Mississippi River* Arizona Cardinals
63%
Countries With Territory in the Southern Hemisphere Kenya
63%
American NFL, MLB, NBA, or NHL Teams West of the Mississippi River* Los Angeles Dodgers
63%
American NFL, MLB, NBA, or NHL Teams West of the Mississippi River* Los Angeles Rams
63%
Countries With Territory in the Southern Hemisphere Malawi
63%
Countries With Territory in the Southern Hemisphere Mozambique
63%
American NFL, MLB, NBA, or NHL Teams West of the Mississippi River* St. Louis Cardinals
63%
Countries With Territory in the Southern Hemisphere Comoros
62%
Countries With Territory in the Southern Hemisphere Mauritius
62%
Countries With Territory in the Southern Hemisphere Rep. of the Congo
62%
Countries With Territory in the Southern Hemisphere Tanzania
62%
Countries With Territory in the Southern Hemisphere Uganda
62%
American NFL, MLB, NBA, or NHL Teams West of the Mississippi River* Houston Texans
60%
American NFL, MLB, NBA, or NHL Teams West of the Mississippi River* Las Vegas Raiders
60%
American NFL, MLB, NBA, or NHL Teams West of the Mississippi River* Los Angeles Kings
60%
American NFL, MLB, NBA, or NHL Teams West of the Mississippi River* Sacramento Kings
60%
American NFL, MLB, NBA, or NHL Teams West of the Mississippi River* San Francisco Giants
60%
Countries With Territory in the Southern Hemisphere Burundi
58%
American NFL, MLB, NBA, or NHL Teams West of the Mississippi River* Denver Broncos
58%
American NFL, MLB, NBA, or NHL Teams West of the Mississippi River* Denver Nuggets
58%
Countries With Territory in the Southern Hemisphere Gabon
58%
American NFL, MLB, NBA, or NHL Teams West of the Mississippi River* Houston Astros
58%
American NFL, MLB, NBA, or NHL Teams West of the Mississippi River* Los Angeles Chargers
58%
American NFL, MLB, NBA, or NHL Teams West of the Mississippi River* Phoenix Suns
58%
American NFL, MLB, NBA, or NHL Teams West of the Mississippi River* San Antonio Spurs
58%
Countries With Territory in the Southern Hemisphere São Tomé and Príncipe
58%
Countries With Territory in the Southern Hemisphere Eswatini
56%
American NFL, MLB, NBA, or NHL Teams West of the Mississippi River* Kansas City Chiefs
56%
American NFL, MLB, NBA, or NHL Teams West of the Mississippi River* Los Angeles Angels
56%
American NFL, MLB, NBA, or NHL Teams West of the Mississippi River* Minnesota Vikings
56%
American NFL, MLB, NBA, or NHL Teams West of the Mississippi River* New Orleans Saints
56%
American NFL, MLB, NBA, or NHL Teams West of the Mississippi River* Oklahoma City Thunder
56%
American NFL, MLB, NBA, or NHL Teams West of the Mississippi River* Portland Trail Blazers
56%
American NFL, MLB, NBA, or NHL Teams West of the Mississippi River* Vegas Golden Knights
56%
American NFL, MLB, NBA, or NHL Teams West of the Mississippi River* Minnesota Timberwolves
54%
American NFL, MLB, NBA, or NHL Teams West of the Mississippi River* Utah Jazz
54%
American NFL, MLB, NBA, or NHL Teams West of the Mississippi River* Anaheim Ducks
52%
American NFL, MLB, NBA, or NHL Teams West of the Mississippi River* Colorado Avalanche
52%
American NFL, MLB, NBA, or NHL Teams West of the Mississippi River* Colorado Rockies
52%
Countries With Territory in the Southern Hemisphere Equatorial Guinea
52%
American NFL, MLB, NBA, or NHL Teams West of the Mississippi River* Houston Rockets
52%
American NFL, MLB, NBA, or NHL Teams West of the Mississippi River* Kansas City Royals
52%
American NFL, MLB, NBA, or NHL Teams West of the Mississippi River* Minnesota Twins
52%
American NFL, MLB, NBA, or NHL Teams West of the Mississippi River* Seattle Mariners
52%
Countries With Territory in the Southern Hemisphere Somalia
52%
American NFL, MLB, NBA, or NHL Teams West of the Mississippi River* Texas Rangers
52%
American NFL, MLB, NBA, or NHL Teams West of the Mississippi River* San Diego Padres
50%
American NFL, MLB, NBA, or NHL Teams West of the Mississippi River* San Jose Sharks
50%
American NFL, MLB, NBA, or NHL Teams West of the Mississippi River* St. Louis Blues
50%
American NFL, MLB, NBA, or NHL Teams West of the Mississippi River* Los Angeles Clippers
48%
American NFL, MLB, NBA, or NHL Teams West of the Mississippi River* New Orleans Pelicans
48%
American NFL, MLB, NBA, or NHL Teams West of the Mississippi River* Arizona Diamondbacks
46%
American NFL, MLB, NBA, or NHL Teams West of the Mississippi River* Dallas Stars
46%
American NFL, MLB, NBA, or NHL Teams West of the Mississippi River* Seattle Kraken
46%
American NFL, MLB, NBA, or NHL Teams West of the Mississippi River* Dallas Mavericks
44%
American NFL, MLB, NBA, or NHL Teams West of the Mississippi River* Arizona Coyotes
35%
No matching quizzes found
Score Distribution
Percent of People with Each Score
Percentile by Number Answered
Your Score History
You have not taken this quiz since the last reset